000 00242nam a2200109Ia 4500
008 190216s9999||||xx |||||||||||||| ||und||
100 _aNull
245 0 _aHindi-Sandharmem
260 _bKranthikanth Prakashan
650 _aHindi
942 _cBK
999 _c15288
_d15288